Statistics for Westernmost Cities in the U.S.

Click here to take the quiz!

General Stats

  • This quiz has been taken 8,668 times
  • The average score is 15 of 20

Answer Stats

Longitude Population City % Correct
-118.3°13.3 milLos Angeles
98%
-122.4°4.66 milSan Francisco
96%
-122.3°3.73 milSeattle
96%
-117.2°3.30 milSan Diego
93%
-122.7°2.39 milPortland
87%
-115.1°2.11 milLas Vegas
86%
-112.0°4.57 milPhoenix
84%
-157.8°0.99 milHonolulu
80%
-104.9°2.81 milDenver
79%
-121.5°2.27 milSacramento
78%
-96.8°7.10 milDallas
72%
-111.9°1.17 milSalt Lake City
70%
-95.3°6.66 milHouston
70%
-121.9°1.98 milSan Jose
69%
-98.5°2.38 milSan Antonio
61%
-97.8°2.00 milAustin
60%
-110.9°1.01 milTucson
52%
-97.5°1.36 milOklahoma City
50%
-94.5°2.08 milKansas City
44%
-117.4°4.49 milRiverside
26%

Score Distribution

Percentile by Number Answered

Percent of People with Each Score

Your Score History

You have not taken this quiz